| 000 | 00363nam a2200145Ia 4500 | ||
|---|---|---|---|
| 005 | 20250729165800.0 | ||
| 008 | 250729s2014 xx 000 0 und d | ||
| 041 | _aeng | ||
| 082 | _a900.7 DAST | ||
| 100 |
_aB.N.Dash _9232883 |
||
| 245 | _aTeaching of History | ||
| 260 |
_aNew Delhi _bNeelkamal Publication _c2014 |
||
| 300 | _a299p | ||
| 650 |
_aHistory _9232884 |
||
| 999 |
_c240004 _d240004 |
||